| 000 | 00555nam a2200181Ia 4500 | ||
|---|---|---|---|
| 003 | GCL | ||
| 008 | 140319s9999 xx 000 0 ara d | ||
| 040 |
_aGCL / _cGCL |
||
| 082 | 0 | 4 |
_aق _b962.06 _bس ث |
| 100 | 1 | _aسعيد عبدالفتاح عاشور | |
| 245 | 1 | 0 |
_aثورة 23 يوليو وتحقيق الاستقلال الوطنى / _cسعيد عبدالفتاح عاشور |
| 300 | _a62 ص | ||
| 490 |
_a100 قصة _v0 |
||
| 650 | 0 | 4 | _aمصر |
| 650 | 0 | 4 | _aالتاريخ الحديث |
| 650 | 0 | 4 | _aثورة 23 يوليو 1952 |
| 942 |
_2ddc _cBK |
||
| 999 |
_c45817 _d45817 |
||